[Event "EUYCC 2025 - U12"]
[Site "?"]
[Date "2025.08.22"]
[Round "4.17"]
[White "Nagy-Konya, Luca"]
[Black "Krastinsh, Daniels"]
[Result "0-1"]
[BlackElo "1560"]
[WhiteElo "1526"]
[LiveChessVersion "1.4.8"]

1. e4 {[%clk 1:30:55]} e5 {[%clk 1:30:26]} 2. Nf3 {[%clk 1:31:07]} Nc6
{[%clk 1:30:30]} 3. Bb5 {[%clk 1:31:01]} a6 {[%clk 1:29:16]} 4. Ba4
{[%clk 1:29:15]} b5 {[%clk 1:28:32]} 5. Bb3 {[%clk 1:29:34]} Bc5 {[%clk 1:27:08]}
6. O-O {[%clk 1:29:45]} Nf6 {[%clk 1:26:30]} 7. Re1 {[%clk 1:29:45]} d6
{[%clk 1:25:31]} 8. c3 {[%clk 1:29:17]} Bg4 {[%clk 1:25:14]} 9. d3
{[%clk 1:27:21]} h6 {[%clk 1:18:31]} 10. Be3 {[%clk 1:26:57]} Bxe3
{[%clk 1:16:42]} 11. Rxe3 {[%clk 1:16:41]} O-O {[%clk 1:15:35]} 12. Nbd2
{[%clk 1:15:29]} Qd7 {[%clk 1:10:34]} 13. Qc2 {[%clk 1:10:29]} Ne7
{[%clk 1:04:03]} 14. d4 {[%clk 1:03:45]} Ng6 {[%clk 1:03:15]} 15. Rae1
{[%clk 1:01:21]} Rfe8 {[%clk 0:59:26]} 16. a4 {[%clk 1:00:04]} Rad8
{[%clk 0:52:14]} 17. h3 {[%clk 0:56:42]} Bh5 {[%clk 0:49:30]} 18. Nf1
{[%clk 0:53:42]} Nf4 {[%clk 0:46:39]} 19. Ng3 {[%clk 0:46:15]} Bg6
{[%clk 0:45:58]} 20. dxe5 {[%clk 0:45:15]} dxe5 {[%clk 0:45:59]} 21. Rd1
{[%clk 0:44:44]} Qxd1+ {[%clk 0:40:40]} 22. Qxd1 {[%clk 0:43:10]} Rxd1+
{[%clk 0:40:58]} 23. Bxd1 {[%clk 0:43:36]} N6h5 {[%clk 0:39:19]} 24. axb5
{[%clk 0:41:28]} axb5 {[%clk 0:39:16]} 25. Nh4 {[%clk 0:39:25]} Rd8
{[%clk 0:34:05]} 26. Bf3 {[%clk 0:35:10]} Nxg3 {[%clk 0:34:21]} 27. fxg3
{[%clk 0:35:27]} Ne6 {[%clk 0:34:27]} 28. Nxg6 {[%clk 0:35:44]} fxg6
{[%clk 0:34:55]} 29. Be2 {[%clk 0:35:40]} c6 {[%clk 0:34:30]} 30. c4
{[%clk 0:33:22]} Nd4 {[%clk 0:32:34]} 31. cxb5 {[%clk 0:33:44]} cxb5
{[%clk 0:32:35]} 32. Kf1 {[%clk 0:33:07]} Rf8+ {[%clk 0:32:49]} 33. Bf3
{[%clk 0:33:18]} Rc8 {[%clk 0:33:04]} 34. Rc3 {[%clk 0:32:54]} Rxc3
{[%clk 0:32:00]} 35. bxc3 {[%clk 0:32:57]} Nxf3 {[%clk 0:32:26]} 36. gxf3
{[%clk 0:33:16]} Kf7 {[%clk 0:32:50]} 37. Ke2 {[%clk 0:33:40]} g5
{[%clk 0:32:22]} 38. Kd2 {[%clk 0:33:55]} Ke6 {[%clk 0:32:42]} 39. Kc2
{[%clk 0:31:48]} Kd6 {[%clk 0:32:27]} 40. Kd2 {[%clk 0:30:21]} Kc5
{[%clk 0:32:27]} 41. g4 {[%clk 0:30:21]} Kc4 {[%clk 0:32:46]} 42. Kc2
{[%clk 0:30:14]} b4 {[%clk 0:32:14]} 43. cxb4 {[%clk 0:30:18]} Kxb4
{[%clk 0:32:26]} 44. Kd3 {[%clk 0:29:46]} Kb3 {[%clk 0:32:30]} 45. Ke3
{[%clk 0:29:41]} Kc3 {[%clk 0:32:21]} 46. Kf2 {[%clk 0:29:41]} Kd2
{[%clk 0:31:57]} 47. Kg3 {[%clk 0:29:55]} Ke3 {[%clk 0:32:11]} 48. Kg2
{[%clk 0:29:59]} Ke2 {[%clk 0:32:03]} 49. Kg3 {[%clk 0:30:03]} Kf1
{[%clk 0:31:46]} 50. h4 {[%clk 0:30:24]} Kg1 {[%clk 0:31:35]} 0-1

[Event "EUYCC 2025 - U12"]
[Site "?"]
[Date "2025.08.22"]
[Round "4.18"]
[White "Siskova, Alexandra"]
[Black "Maesepp, Stella"]
[Result "1/2-1/2"]
[BlackElo "1520"]
[WhiteElo "1471"]
[LiveChessVersion "1.4.8"]

1. Nf3 {[%clk 1:30:52]} d5 {[%clk 1:30:51]} 2. d4 {[%clk 1:31:10]} Nf6
{[%clk 1:30:37]} 3. Bf4 {[%clk 1:31:22]} Bg4 {[%clk 1:30:45]} 4. e3
{[%clk 1:31:24]} Bxf3 {[%clk 1:30:46]} 5. Qxf3 {[%clk 1:31:31]} e6
{[%clk 1:28:54]} 6. Bd3 {[%clk 1:30:59]} Bd6 {[%clk 1:26:16]} 7. Bxd6
{[%clk 1:30:44]} Qxd6 {[%clk 1:26:13]} 8. O-O {[%clk 1:30:22]} O-O
{[%clk 1:23:23]} 9. Nd2 {[%clk 1:30:13]} Nbd7 {[%clk 1:21:44]} 10. c4
{[%clk 1:27:57]} c5 {[%clk 1:18:08]} 11. cxd5 {[%clk 1:23:06]} cxd4
{[%clk 1:09:42]} 12. exd4 {[%clk 1:19:21]} Nxd5 {[%clk 1:08:33]} 13. Ne4
{[%clk 1:17:01]} Qb6 {[%clk 1:06:15]} 14. Nc5 {[%clk 1:11:03]} Nxc5
{[%clk 1:03:39]} 15. dxc5 {[%clk 1:11:14]} Qxc5 {[%clk 1:03:44]} 16. Rac1
{[%clk 1:10:46]} Qd4 {[%clk 0:56:39]} 17. b3 {[%clk 1:08:17]} Rac8
{[%clk 0:54:51]} 18. Qe4 {[%clk 0:59:33]} Qxe4 {[%clk 0:52:37]} 19. Bxe4
{[%clk 0:59:52]} b6 {[%clk 0:52:34]} 20. Bxd5 {[%clk 0:59:52]} exd5
{[%clk 0:52:08]} 21. f3 {[%clk 0:57:49]} f6 {[%clk 0:50:27]} 22. Kf2
{[%clk 0:53:20]} Kf7 {[%clk 0:48:36]} 23. Ke3 {[%clk 0:51:38]} Rc5
{[%clk 0:47:05]} 24. Kd4 {[%clk 0:45:25]} Rfc8 {[%clk 0:44:40]} 25. Rxc5
{[%clk 0:40:23]} Rxc5 {[%clk 0:44:06]} 26. Rf2 {[%clk 0:37:46]} h6
{[%clk 0:36:58]} 27. a3 {[%clk 0:37:50]} a5 {[%clk 0:35:52]} 28. Rb2
{[%clk 0:37:59]} Ke6 {[%clk 0:30:35]} 29. Re2+ {[%clk 0:36:44]} Kd7
{[%clk 0:29:59]} 30. f4 {[%clk 0:35:51]} g6 {[%clk 0:25:37]} 31. g4
{[%clk 0:32:19]} Rb5 {[%clk 0:24:06]} 32. Re3 {[%clk 0:30:57]} Rc5
{[%clk 0:16:27]} 33. f5 {[%clk 0:30:17]} g5 {[%clk 0:15:46]} 34. Re6
{[%clk 0:28:19]} Rc2 {[%clk 0:15:25]} 35. Kxd5 {[%clk 0:26:54]} Rxh2
{[%clk 0:15:04]} 36. Rxf6 {[%clk 0:26:16]} h5 {[%clk 0:14:34]} 37. Rh6
{[%clk 0:23:07]} h4 {[%clk 0:14:28]} 38. Ke4 {[%clk 0:22:16]} Re2+
{[%clk 0:13:19]} 39. Kf3 {[%clk 0:21:44]} Re7 {[%clk 0:11:22]} 40. Rxb6
{[%clk 0:17:07]} Re5 {[%clk 0:09:24]} 41. Rb7+ {[%clk 0:16:44]} Ke8
{[%clk 0:08:52]} 42. Rg7 {[%clk 0:16:32]} Rd5 {[%clk 0:07:57]} 43. b4
{[%clk 0:14:43]} Rd3+ {[%clk 0:07:46]} 44. Kg2 {[%clk 0:14:59]} Rg3+
{[%clk 0:07:39]} 45. Kh2 {[%clk 0:15:04]} Rxg4 {[%clk 0:07:43]} 46. bxa5
{[%clk 0:14:48]} Ra4 {[%clk 0:06:50]} 47. Rxg5 {[%clk 0:14:00]} Rxa5
{[%clk 0:06:51]} 48. Kh3 {[%clk 0:13:55]} Rxa3+ {[%clk 0:06:18]} 49. Kxh4
{[%clk 0:14:16]} Rf3 {[%clk 0:06:09]} 50. Kg4 {[%clk 0:14:27]} Rf1
{[%clk 0:05:54]} 51. Rg6 {[%clk 0:11:38]} Kf7 {[%clk 0:05:14]} 52. Kg5
{[%clk 0:09:51]} Rg1+ {[%clk 0:05:02]} 53. Kh5 {[%clk 0:09:48]} Rh1+
{[%clk 0:05:21]} 54. Kg4 {[%clk 0:09:47]} Rg1+ {[%clk 0:05:28]} 1/2-1/2

[Event "EUYCC 2025 - U12"]
[Site "?"]
[Date "2025.08.23"]
[Round "5.1"]
[White "Bilochenko, Matvii"]
[Black "Pasca, Alexandru-Daniel"]
[Result "0-1"]
[BlackElo "1873"]
[WhiteElo "1972"]
[LiveChessVersion "1.4.8"]

1. e4 {[%clk 1:30:58]} c6 {[%clk 1:30:57]} 2. d4 {[%clk 1:31:21]} d5
{[%clk 1:31:24]} 3. e5 {[%clk 1:31:36]} c5 {[%clk 1:31:50]} 4. dxc5
{[%clk 1:31:53]} e6 {[%clk 1:32:10]} 5. c3 {[%clk 1:32:03]} Nd7 {[%clk 1:26:26]}
6. Nf3 {[%clk 1:31:15]} Bxc5 {[%clk 1:25:52]} 7. Bd3 {[%clk 1:30:31]} f6
{[%clk 1:17:38]} 8. Qe2 {[%clk 1:12:32]} fxe5 {[%clk 1:06:45]} 9. Nxe5
{[%clk 1:07:26]} Nxe5 {[%clk 1:05:32]} 10. Qxe5 {[%clk 1:07:28]} Qf6
{[%clk 0:58:21]} 11. Bb5+ {[%clk 1:03:53]} Kf8 {[%clk 0:48:21]} 12. Qe2
{[%clk 1:01:34]} a6 {[%clk 0:45:25]} 13. Ba4 {[%clk 0:57:04]} Ne7
{[%clk 0:39:50]} 14. Nd2 {[%clk 0:41:34]} e5 {[%clk 0:34:07]} 15. O-O
{[%clk 0:32:16]} Ng6 {[%clk 0:24:00]} 16. Qf3 {[%clk 0:16:07]} Be6
{[%clk 0:17:39]} 17. Qxf6+ {[%clk 0:15:11]} gxf6 {[%clk 0:18:03]} 18. Nf3
{[%clk 0:14:18]} h5 {[%clk 0:14:48]} 19. Be3 {[%clk 0:13:19]} Rc8
{[%clk 0:12:56]} 20. Bc2 {[%clk 0:11:39]} Ne7 {[%clk 0:11:12]} 21. Bxc5
{[%clk 0:10:32]} Rxc5 {[%clk 0:11:38]} 22. Rac1 {[%clk 0:10:20]} Rg8
{[%clk 0:09:59]} 23. Kh1 {[%clk 0:09:55]} Nf5 {[%clk 0:06:33]} 24. Bxf5
{[%clk 0:06:34]} Bxf5 {[%clk 0:06:59]} 25. Nd2 {[%clk 0:06:47]} Ke7
{[%clk 0:04:49]} 26. f4 {[%clk 0:04:37]} Bd3 27. Rfe1 {[%clk 0:04:24]} Kd6
{[%clk 0:02:27]} 28. Re3 {[%clk 0:01:02]} e4 {[%clk 0:01:41]} 29. Ree1
{[%clk 0:00:46]} Rgc8 {[%clk 0:00:46]} 30. Kg1 {[%clk 0:01:05]} f5 31. Kf2
{[%clk 0:00:56]} d4 {[%clk 0:00:41]} 32. Nb3 {[%clk 0:01:16]} Rb5
{[%clk 0:00:39]} 33. cxd4 {[%clk 0:00:58]} Rc2+ {[%clk 0:00:44]} 34. Rxc2
{[%clk 0:00:44]} Bxc2 {[%clk 0:01:10]} 35. Nc1 {[%clk 0:00:38]} Kd5
{[%clk 0:00:54]} 36. Ke3 {[%clk 0:00:49]} Rb4 {[%clk 0:00:42]} 37. Re2
{[%clk 0:00:53]} Rxb2 {[%clk 0:00:34]} 38. Rd2 {[%clk 0:00:50]} b5
{[%clk 0:00:35]} 39. a3 a5 {[%clk 0:00:54]} 40. Ne2 {[%clk 0:00:55]} Rb3+
{[%clk 0:01:10]} 41. Kf2 {[%clk 0:00:33]} e3+ {[%clk 0:01:36]} 0-1

[Event "EUYCC 2025 - U12"]
[Site "?"]
[Date "2025.08.23"]
[Round "5.2"]
[White "Temirbek, Amirali"]
[Black "Lazars, Krisjanis"]
[Result "1-0"]
[BlackElo "1845"]
[WhiteElo "1773"]
[LiveChessVersion "1.4.8"]

1. d4 {[%clk 1:30:57]} Nf6 {[%clk 1:30:58]} 2. c4 {[%clk 1:31:15]} e6
{[%clk 1:31:17]} 3. Nf3 {[%clk 1:31:40]} b6 {[%clk 1:31:36]} 4. g3
{[%clk 1:32:04]} Bb7 {[%clk 1:31:43]} 5. Bg2 {[%clk 1:32:26]} Bb4+
{[%clk 1:32:06]} 6. Bd2 {[%clk 1:32:39]} Bxd2+ {[%clk 1:32:23]} 7. Nbxd2
{[%clk 1:32:50]} O-O {[%clk 1:32:36]} 8. O-O {[%clk 1:33:14]} Ne4
{[%clk 1:30:59]} 9. Ne5 {[%clk 1:24:27]} d5 {[%clk 1:22:08]} 10. Nxe4
{[%clk 1:24:39]} dxe4 {[%clk 1:22:34]} 11. e3 {[%clk 1:24:14]} f6
{[%clk 1:22:36]} 12. Nd3 {[%clk 1:24:20]} Nd7 {[%clk 1:20:33]} 13. Nf4
{[%clk 1:24:14]} Re8 {[%clk 1:13:30]} 14. Qb3 {[%clk 1:19:57]} e5
{[%clk 1:00:51]} 15. c5+ {[%clk 1:19:35]} Kh8 {[%clk 1:01:05]} 16. Ne6
{[%clk 1:19:47]} Qe7 {[%clk 1:00:25]} 17. Nxc7 {[%clk 1:19:59]} Nxc5
{[%clk 1:00:37]} 18. dxc5 {[%clk 1:20:06]} Qxc7 {[%clk 1:01:05]} 19. Rac1
{[%clk 1:12:53]} bxc5 {[%clk 0:32:29]} 20. Qc4 {[%clk 1:12:16]} f5
{[%clk 0:32:29]} 21. Qxc5 {[%clk 1:12:29]} Qf7 {[%clk 0:32:35]} 22. b3
{[%clk 1:08:46]} a5 {[%clk 0:20:53]} 23. Rfd1 {[%clk 1:05:27]} Rac8
{[%clk 0:17:51]} 24. Qxa5 {[%clk 1:04:20]} f4 {[%clk 0:17:06]} 25. Rxc8
{[%clk 1:04:12]} Bxc8 {[%clk 0:16:51]} 26. Bxe4 {[%clk 1:03:26]} Bf5
{[%clk 0:14:19]} 27. Bxf5 {[%clk 1:02:32]} Qxf5 {[%clk 0:14:48]} 28. exf4
{[%clk 1:02:47]} Qc2 {[%clk 0:06:00]} 29. Qd8 {[%clk 1:02:23]} Qc6
{[%clk 0:02:43]} 30. fxe5 {[%clk 1:02:23]} h6 {[%clk 0:03:02]} 31. Qd7
{[%clk 1:02:47]} Qg6 {[%clk 0:03:30]} 32. Re1 {[%clk 1:01:42]} Rf8
{[%clk 0:03:13]} 33. e6 {[%clk 0:59:55]} 1-0

[Event "EUYCC 2025 - U12"]
[Site "?"]
[Date "2025.08.23"]
[Round "5.3"]
[White "Konstantinides, Savvas"]
[Black "Hrckova, Anna"]
[Result "1-0"]
[BlackElo "1705"]
[WhiteElo "1864"]
[LiveChessVersion "1.4.8"]

1. e4 {[%clk 1:30:58]} e6 {[%clk 1:30:55]} 2. d4 {[%clk 1:31:23]} d5
{[%clk 1:31:20]} 3. e5 {[%clk 1:31:49]} c5 {[%clk 1:31:46]} 4. c3
{[%clk 1:32:15]} Nc6 {[%clk 1:32:13]} 5. Nf3 {[%clk 1:32:36]} Qb6
{[%clk 1:32:37]} 6. Be2 {[%clk 1:32:54]} cxd4 {[%clk 1:33:02]} 7. cxd4
{[%clk 1:33:17]} Nge7 {[%clk 1:33:18]} 8. Na3 {[%clk 1:32:09]} Nf5
{[%clk 1:32:54]} 9. Nc2 {[%clk 1:32:19]} Bb4+ {[%clk 1:32:19]} 10. Kf1
{[%clk 1:32:29]} Bd7 {[%clk 1:28:52]} 11. a3 {[%clk 1:31:05]} Be7
{[%clk 1:28:29]} 12. g3 {[%clk 1:29:55]} Rc8 {[%clk 1:26:49]} 13. b4
{[%clk 1:27:57]} Nxe5 {[%clk 0:34:20]} 14. dxe5 {[%clk 1:21:19]} Ba4
{[%clk 0:34:45]} 15. Bd3 {[%clk 1:21:09]} Qc6 {[%clk 0:34:45]} 16. Ra2
{[%clk 1:18:58]} O-O {[%clk 0:25:27]} 17. Qe2 {[%clk 1:17:15]} d4
{[%clk 0:24:42]} 18. Qe4 {[%clk 1:12:10]} Qc3 {[%clk 0:24:13]} 19. Nfxd4
{[%clk 1:03:57]} Bxc2 {[%clk 0:11:55]} 20. Nxc2 {[%clk 1:01:00]} Rfd8
{[%clk 0:12:02]} 21. Ke2 {[%clk 0:57:22]} Rd5 {[%clk 0:10:21]} 22. f4
{[%clk 0:53:27]} Rcd8 {[%clk 0:10:03]} 23. Rd1 {[%clk 0:53:33]} g6 24. Be3
{[%clk 0:52:18]} Nxe3 {[%clk 0:04:28]} 25. Kxe3 {[%clk 0:52:02]} Qb3
{[%clk 0:04:10]} 26. Raa1 {[%clk 0:51:57]} Rc8 {[%clk 0:03:42]} 27. Rab1
{[%clk 0:50:33]} Qa2 {[%clk 0:03:52]} 28. Rbc1 {[%clk 0:50:34]} Qb2
{[%clk 0:03:04]} 29. h4 {[%clk 0:50:06]} Rc3 {[%clk 0:02:37]} 30. Qh1
{[%clk 0:44:17]} Qb3 {[%clk 0:02:26]} 31. Ne1 {[%clk 0:38:34]} Qxa3
{[%clk 0:01:37]} 32. Rxc3 Qxc3 33. Nc2 {[%clk 0:34:23]} a5 {[%clk 0:01:23]} 34.
bxa5 {[%clk 0:33:11]} Qxa5 {[%clk 0:00:48]} 35. Qe4 {[%clk 0:32:36]} Bc5+
{[%clk 0:01:06]} 36. Ke2 {[%clk 0:32:19]} Qa2 {[%clk 0:00:45]} 37. h5
{[%clk 0:31:58]} Qb2 {[%clk 0:00:39]} 38. hxg6 {[%clk 0:31:22]} hxg6
{[%clk 0:00:49]} 39. Qc4 {[%clk 0:31:23]} Bf8 {[%clk 0:00:35]} 40. Qe4
{[%clk 0:30:30]} b5 {[%clk 0:00:47]} 41. Rd2 {[%clk 0:30:07]} Qc3
{[%clk 0:00:47]} 42. Ne3 {[%clk 0:29:36]} Rd4 {[%clk 0:00:54]} 43. Qb7
{[%clk 0:29:29]} b4 {[%clk 0:01:10]} 44. Ng4 {[%clk 0:28:46]} b3 {[%clk 0:01:13]}
45. Nf6+ {[%clk 0:29:07]} Kg7 {[%clk 0:01:32]} 46. Qh1 {[%clk 0:29:22]} Re4+
{[%clk 0:00:50]} 47. Bxe4 {[%clk 0:29:36]} Qc4+ {[%clk 0:00:55]} 48. Bd3
{[%clk 0:30:01]} Qxd3+ {[%clk 0:00:32]} 49. Kxd3 {[%clk 0:30:24]} Bb4
{[%clk 0:00:55]} 50. Qh7+ {[%clk 0:30:49]} Kf8 {[%clk 0:01:05]} 51. Qg8+
{[%clk 0:31:15]} Ke7 {[%clk 0:01:17]} 52. Qe8# {[%clk 0:31:41]} 1-0

[Event "EUYCC 2025 - U12"]
[Site "?"]
[Date "2025.08.23"]
[Round "5.4"]
[White "Hamernikova, Iris"]
[Black "Manouvel, Maelys"]
[Result "0-1"]
[BlackElo "1739"]
[WhiteElo "1511"]
[LiveChessVersion "1.4.8"]

1. e4 {[%clk 1:30:58]} c5 {[%clk 1:29:48]} 2. Nf3 {[%clk 1:30:44]} e6
{[%clk 1:29:36]} 3. d4 {[%clk 1:30:51]} cxd4 {[%clk 1:29:14]} 4. Nxd4
{[%clk 1:30:57]} Nf6 {[%clk 1:28:58]} 5. Nc3 {[%clk 1:31:11]} Nc6
{[%clk 1:28:26]} 6. Ndb5 {[%clk 1:30:25]} Bc5 {[%clk 1:27:05]} 7. Bf4
{[%clk 1:29:45]} O-O {[%clk 1:26:40]} 8. Bd6 {[%clk 1:10:58]} Bxd6
{[%clk 1:23:01]} 9. Nxd6 {[%clk 1:10:13]} a6 {[%clk 1:16:57]} 10. Be2
{[%clk 1:03:50]} b5 {[%clk 1:10:43]} 11. O-O {[%clk 0:39:26]} Qb6
{[%clk 0:58:24]} 12. Kh1 {[%clk 0:24:03]} Ne8 {[%clk 0:43:48]} 13. Nxc8
{[%clk 0:17:30]} Rxc8 {[%clk 0:44:10]} 14. f4 {[%clk 0:17:57]} Nd4
{[%clk 0:41:30]} 15. Bd3 {[%clk 0:16:29]} d6 {[%clk 0:39:39]} 16. f5
{[%clk 0:16:38]} Nf6 {[%clk 0:35:55]} 17. g4 {[%clk 0:14:05]} Qc6
{[%clk 0:29:52]} 18. g5 {[%clk 0:12:11]} Nd7 {[%clk 0:29:20]} 19. f6
{[%clk 0:08:26]} g6 {[%clk 0:25:30]} 20. Qg4 {[%clk 0:06:29]} h5 {[%clk 0:22:32]}
21. gxh6 {[%clk 0:06:47]} Kh7 {[%clk 0:22:35]} 22. Qg2 {[%clk 0:05:46]} Ne5
{[%clk 0:19:06]} 23. Ne2 {[%clk 0:00:56]} Nxc2 {[%clk 0:17:07]} 24. Bxc2
{[%clk 0:01:02]} Qxc2 {[%clk 0:17:31]} 25. Rac1 {[%clk 0:01:30]} Qxb2
{[%clk 0:17:01]} 26. Rxc8 {[%clk 0:01:33]} Rxc8 {[%clk 0:17:29]} 27. h3
{[%clk 0:00:46]} Rc2 {[%clk 0:16:35]} 0-1

[Event "EUYCC 2025 - U12"]
[Site "?"]
[Date "2025.08.23"]
[Round "5.5"]
[White "Kozusnik, Jan"]
[Black "Strekalovs, Ernests"]
[Result "1-0"]
[BlackElo "1683"]
[WhiteElo "1726"]
[LiveChessVersion "1.4.8"]

1. e4 {[%clk 1:30:58]} c5 {[%clk 1:30:55]} 2. Nf3 a6 {[%clk 1:31:17]} 3. d4
{[%clk 1:31:46]} cxd4 {[%clk 1:31:42]} 4. Nxd4 {[%clk 1:32:10]} Nf6
{[%clk 1:32:08]} 5. Nc3 {[%clk 1:32:33]} e5 {[%clk 1:32:26]} 6. Nf3
{[%clk 1:31:28]} Bb4 {[%clk 1:32:12]} 7. Bd2 {[%clk 1:31:13]} Qe7
{[%clk 1:28:26]} 8. Bc4 {[%clk 1:27:44]} Bxc3 {[%clk 1:27:16]} 9. Bxc3
{[%clk 1:26:48]} Nxe4 {[%clk 1:27:38]} 10. Qd3 {[%clk 1:25:32]} Nxc3
{[%clk 1:27:30]} 11. Qxc3 {[%clk 1:25:56]} Nc6 {[%clk 1:25:36]} 12. O-O
{[%clk 1:25:44]} O-O {[%clk 1:25:55]} 13. Rfe1 {[%clk 1:25:49]} d6
{[%clk 1:25:08]} 14. Bd5 {[%clk 1:25:19]} Bd7 {[%clk 1:24:12]} 15. Rad1
{[%clk 1:24:21]} Rac8 {[%clk 1:22:08]} 16. Qb3 {[%clk 1:24:04]} Bf5
{[%clk 1:19:10]} 17. Bxc6 {[%clk 1:22:36]} bxc6 {[%clk 1:19:10]} 18. Qa3
{[%clk 1:21:59]} Rfd8 {[%clk 1:15:23]} 19. Nxe5 {[%clk 1:19:54]} Qf6
{[%clk 1:12:19]} 20. Nd3 {[%clk 1:17:16]} Bxd3 {[%clk 1:10:47]} 21. Rxd3
{[%clk 1:16:26]} d5 {[%clk 1:07:52]} 22. Rf3 {[%clk 1:13:50]} Re8
{[%clk 0:54:50]} 23. Rfe3 {[%clk 1:12:03]} Rxe3 {[%clk 0:55:11]} 24. Rxe3
{[%clk 1:11:13]} Rf8 {[%clk 0:48:45]} 25. h3 {[%clk 1:07:59]} d4 {[%clk 0:41:45]}
26. Rf3 {[%clk 1:06:15]} Qg5 {[%clk 0:41:43]} 27. Qb3 {[%clk 0:53:38]} Qe5
{[%clk 0:31:14]} 28. Qc4 {[%clk 0:48:04]} Qe1+ {[%clk 0:30:27]} 29. Kh2
{[%clk 0:48:09]} Qa5 {[%clk 0:28:38]} 30. a3 {[%clk 0:46:13]} c5 {[%clk 0:27:50]}
31. Rf5 {[%clk 0:42:43]} Qc7+ {[%clk 0:28:10]} 32. g3 {[%clk 0:42:57]} Rc8
{[%clk 0:27:16]} 33. Qxa6 {[%clk 0:39:09]} g6 {[%clk 0:27:24]} 34. Rf4
{[%clk 0:38:17]} Re8 {[%clk 0:27:11]} 35. Re4 {[%clk 0:27:44]} Rxe4
{[%clk 0:26:09]} 36. Qa8+ {[%clk 0:28:04]} Kg7 {[%clk 0:26:35]} 37. Qxe4
{[%clk 0:28:29]} Qb6 {[%clk 0:27:03]} 38. b3 {[%clk 0:27:45]} Qa5
{[%clk 0:27:23]} 39. Qe5+ {[%clk 0:22:28]} Kg8 {[%clk 0:27:36]} 40. b4
{[%clk 0:21:53]} Qxa3 {[%clk 0:27:40]} 41. Qxc5 {[%clk 0:21:35]} d3
{[%clk 0:27:28]} 42. cxd3 {[%clk 0:21:36]} Qxd3 {[%clk 0:27:48]} 43. b5
{[%clk 0:21:09]} Qf3 {[%clk 0:27:57]} 44. Kg1 {[%clk 0:19:11]} f5
{[%clk 0:28:03]} 45. b6 {[%clk 0:16:47]} f4 {[%clk 0:28:26]} 46. Qc4+
{[%clk 0:16:43]} Kg7 {[%clk 0:28:26]} 47. Qxf4 {[%clk 0:16:50]} Qd1+
{[%clk 0:28:49]} 48. Kg2 {[%clk 0:16:43]} Qd5+ {[%clk 0:29:13]} 49. Qf3
{[%clk 0:17:07]} Qb5 {[%clk 0:29:32]} 50. b7 {[%clk 0:17:20]} h5 {[%clk 0:29:51]}
51. Qc3+ {[%clk 0:16:27]} Kh6 {[%clk 0:30:06]} 52. Qh8+ {[%clk 0:16:12]} Kg5
{[%clk 0:30:16]} 1-0

[Event "EUYCC 2025 - U12"]
[Site "?"]
[Date "2025.08.23"]
[Round "5.6"]
[White "Ganea, Yanis-Andrei"]
[Black "Rzadkowska, Lila"]
[Result "0-1"]
[BlackElo "1964"]
[WhiteElo "1917"]
[LiveChessVersion "1.4.8"]

1. e4 {[%clk 1:30:59]} c5 {[%clk 1:30:54]} 2. Nf3 {[%clk 1:31:23]} e6
{[%clk 1:31:20]} 3. b4 {[%clk 1:31:50]} b6 {[%clk 1:24:56]} 4. bxc5
{[%clk 1:32:12]} bxc5 {[%clk 1:24:59]} 5. Bb5 {[%clk 1:32:34]} Bb7
{[%clk 1:20:26]} 6. Nc3 {[%clk 1:32:53]} Nc6 {[%clk 1:17:02]} 7. Bxc6
{[%clk 1:25:55]} Bxc6 {[%clk 1:17:27]} 8. Ne5 {[%clk 1:26:13]} Bb7
{[%clk 1:14:09]} 9. O-O {[%clk 1:25:05]} d6 {[%clk 1:12:48]} 10. Nf3
{[%clk 1:25:20]} Nf6 {[%clk 1:12:26]} 11. Re1 {[%clk 1:25:27]} Be7
{[%clk 1:11:19]} 12. d3 {[%clk 1:20:54]} O-O {[%clk 1:10:27]} 13. Rb1
{[%clk 1:21:09]} Rb8 {[%clk 1:08:47]} 14. Bb2 {[%clk 1:20:49]} e5
{[%clk 1:02:19]} 15. Nd2 {[%clk 1:18:56]} Nd7 {[%clk 0:58:57]} 16. Nf1
{[%clk 1:17:48]} f5 {[%clk 0:55:34]} 17. Ne3 {[%clk 1:16:34]} f4 {[%clk 0:54:07]}
18. Nf5 {[%clk 1:16:16]} Rf6 {[%clk 0:46:54]} 19. Kh1 {[%clk 1:15:40]} Bf8
{[%clk 0:44:30]} 20. Rg1 {[%clk 1:11:34]} d5 {[%clk 0:40:34]} 21. Qg4
{[%clk 0:42:42]} d4 {[%clk 0:35:51]} 22. Ne2 {[%clk 0:41:21]} Ba8
{[%clk 0:30:49]} 23. g3 {[%clk 0:31:36]} Rg6 {[%clk 0:27:23]} 24. Qf3
{[%clk 0:27:15]} Qg5 {[%clk 0:26:33]} 25. Nfxd4 {[%clk 0:02:04]} cxd4
{[%clk 0:24:11]} 26. gxf4 {[%clk 0:01:43]} Qf6 {[%clk 0:21:02]} 27. Qh3
{[%clk 0:01:46]} Bc6 {[%clk 0:19:26]} 28. fxe5 {[%clk 0:02:01]} Nxe5 29. Bxd4
{[%clk 0:02:20]} Rxg1+ {[%clk 0:18:04]} 30. Rxg1 {[%clk 0:02:34]} Qf3+
{[%clk 0:18:00]} 31. Qg2 {[%clk 0:03:01]} Qxg2+ {[%clk 0:16:26]} 32. Kxg2
{[%clk 0:02:49]} Ng6 33. f4 Ba4 {[%clk 0:13:54]} 34. f5 {[%clk 0:02:46]} Ne7
{[%clk 0:14:17]} 35. c4 {[%clk 0:01:37]} Bc2 {[%clk 0:14:27]} 36. Nf4
{[%clk 0:01:29]} Nc6 {[%clk 0:13:44]} 37. Bc3 {[%clk 0:01:13]} Bd6
{[%clk 0:12:34]} 38. Kf3 {[%clk 0:00:35]} Ne5+ {[%clk 0:12:43]} 39. Ke3
{[%clk 0:00:48]} Bc5+ {[%clk 0:12:17]} 40. d4 {[%clk 0:01:01]} Nxc4+
{[%clk 0:12:41]} 41. Kf3 {[%clk 0:01:25]} Bf8 {[%clk 0:12:34]} 42. Ne6
{[%clk 0:01:37]} Nd6 {[%clk 0:11:41]} 43. Rg4 {[%clk 0:01:38]} Bd1+
{[%clk 0:11:57]} 0-1

[Event "EUYCC 2025 - U12"]
[Site "?"]
[Date "2025.08.23"]
[Round "5.7"]
[White "Vanek, Martin"]
[Black "Rudys, Augustas"]
[Result "1-0"]
[BlackElo "1555"]
[WhiteElo "1791"]
[LiveChessVersion "1.4.8"]

1. d4 {[%clk 1:30:58]} Nf6 {[%clk 1:30:45]} 2. c4 {[%clk 1:31:21]} c5
{[%clk 1:31:06]} 3. d5 {[%clk 1:31:46]} d6 {[%clk 1:31:25]} 4. Nc3
{[%clk 1:32:08]} g6 {[%clk 1:31:39]} 5. Nf3 {[%clk 1:32:00]} Bg7 {[%clk 1:31:37]}
6. Nd2 {[%clk 1:30:11]} O-O {[%clk 1:31:19]} 7. e4 {[%clk 1:29:05]} e6
{[%clk 1:31:20]} 8. Be2 {[%clk 1:29:13]} Na6 {[%clk 1:31:20]} 9. O-O
{[%clk 1:28:55]} Re8 {[%clk 1:31:22]} 10. f3 {[%clk 1:24:34]} Nc7
{[%clk 1:29:53]} 11. a4 {[%clk 1:23:56]} b6 {[%clk 1:29:43]} 12. Kh1
{[%clk 1:19:57]} Rb8 {[%clk 1:28:03]} 13. Ra3 {[%clk 1:14:45]} Qe7
{[%clk 1:21:31]} 14. e5 {[%clk 1:01:50]} dxe5 {[%clk 1:19:06]} 15. Nde4
{[%clk 1:01:04]} exd5 {[%clk 1:17:57]} 16. cxd5 {[%clk 1:00:35]} Nxe4
{[%clk 1:15:24]} 17. Nxe4 {[%clk 1:00:09]} Qd8 {[%clk 1:10:51]} 18. Bc4
{[%clk 0:45:55]} Kh8 {[%clk 1:06:33]} 19. Ng5 {[%clk 0:40:35]} Rf8
{[%clk 1:03:32]} 20. f4 {[%clk 0:32:51]} h6 {[%clk 1:01:45]} 21. d6
{[%clk 0:28:19]} Ne6 {[%clk 0:53:39]} 22. Nxe6 {[%clk 0:27:28]} Bxe6
{[%clk 0:53:10]} 23. Bxe6 {[%clk 0:24:12]} fxe6 {[%clk 0:52:36]} 24. fxe5
{[%clk 0:21:53]} Rxf1+ {[%clk 0:51:29]} 25. Qxf1 {[%clk 0:22:21]} Bxe5
{[%clk 0:50:01]} 26. Bxh6 {[%clk 0:22:03]} Qxd6 {[%clk 0:49:23]} 27. Rd3
{[%clk 0:16:22]} Qe7 {[%clk 0:48:15]} 28. Bf4 {[%clk 0:14:11]} Bxf4
{[%clk 0:45:56]} 29. Qxf4 {[%clk 0:14:22]} Rf8 {[%clk 0:45:31]} 30. Qh6+
{[%clk 0:13:20]} Kg8 {[%clk 0:44:09]} 31. Qxg6+ {[%clk 0:13:42]} Qg7
{[%clk 0:44:22]} 32. Qxe6+ {[%clk 0:13:55]} Rf7 {[%clk 0:44:00]} 33. Rf3
{[%clk 0:08:57]} Kf8 {[%clk 0:43:31]} 34. Rxf7+ {[%clk 0:08:36]} Qxf7
{[%clk 0:43:55]} 35. Qxf7+ {[%clk 0:08:33]} Kxf7 {[%clk 0:44:21]} 36. Kg1
{[%clk 0:08:48]} c4 {[%clk 0:44:04]} 37. Kf2 {[%clk 0:09:04]} a5 {[%clk 0:43:43]}
38. Ke3 {[%clk 0:08:55]} c3 {[%clk 0:43:44]} 39. bxc3 {[%clk 0:09:07]} b5
{[%clk 0:44:10]} 40. axb5 {[%clk 0:09:22]} a4 {[%clk 0:44:34]} 41. Kd3
{[%clk 0:09:39]} 1-0